Quizzes
Events
Quiz Creation
Community
Videos
Private Events
Remove Ads
Sign In
Join for FREE
Feedback
Dark Mode
Quiz Categories
Sports
Geography
Music
Movies
Television
Just For Fun
Miscellaneous
History
Literature
Language
Science
Gaming
Entertainment
Religion
Holiday
For Kids
Quiz Lab
Recent
Popular Today
Quiz Kudos Today
Editor Picks
Curator Picks
Quizzes by...
Day
Popularity
Type
Ratings
Length
Year
Community
Subscriptions
Recent Discussions
Orange Saloon
Badges
Playlists
Quests
Create
Leaderboards
Showdown
Live 5
Trivia Bingo
Activity
Puzzle Library
Sporcle Events
Private Events
Virtual Trivia
Globe League
Become a Host
Pub Owners
SporcleCon
Opinionation
Our Games
Videos
Blog
Mobile Apps
Partnerships
Remove Ads and Go Orange
Feedback
Music
Pop Music
The Beatles
Song
Album
Lyrics
Bands
Singers
Artist
Clip
Rock
Rap
Classical
Billboard
Country Music
Kpop
Taylor Swift
Music
Pop Music
The Beatles
Song
Album
Lyrics
Bands
Singers
Artist
Clip
Rock
Rap
Classical
Billboard
Country Music
Kpop
Taylor Swift
Random Quiz
Search Sporcle
×
Quiz Lab
Quiz Lab
Music
Disney
Type in answers that appear in a list
Type in answers that appear in a list
Classic
Best Score? Go Orange.
Guess The Lyrics-Disney Stats
Can you name the lyrics to this disney song without any hint?
By
LAX_Girl
5m
89 Questions
1,662 Plays
1,662 Plays
1,662 Plays
Comments
Comments
Give Quiz Kudos
Give Quiz Kudos
-
- Ratings
hide this ad
Replay
Link that replays current quiz
Next Quiz
Link to next quiz in quiz playlist
You Got
0%
They Got
Avg Score
67%
Avg Friend Score
Upgrade to see
Score Distribution
Jump to the score distribution portion of the page
Score
0/89
Timer
05:00
0
Plays Today
% Correct
a
99.2%
a
99.2%
I
97.8%
I
97.8%
I
97.8%
I
97.8%
I
97.8%
I
97.8%
I
97.8%
I
97.8%
I
97.8%
I
97.8%
be
82.5%
be
82.5%
me
81.2%
me?
81.2%
is
78.1%
is
78.1%
it
77.3%
Can
76.7%
to
76.4%
to
76.4%
When
73.8%
When
73.8%
am
73.7%
am
73.7%
am
73.7%
my
73.1%
my
73.1%
my
73.1%
% Correct
my
73.1%
will
71.7%
will
71.7%
will
71.7%
that
71.5%
that
71.5%
see
70.5%
Who
70.5%
see
70.5%
who
70.5%
who
70.5%
who
70.5%
at
69.3%
at
69.3%
for
67.1%
Look
66.2%
this
65.6%
if
65.2%
Why
64.6%
know?
64.4%
girl
61.3%
show
60.4%
show
60.4%
not
60.2%
reflection
60.1%
reflection
60.1%
reflection
60.1%
don't
59.5%
never
59.1%
or
58.5%
% Correct
back
57.8%
I'm
57.7%
inside?
57.7%
inside?
57.7%
staring
56.9%
Now
55.7%
straight
54.5%
perfect
54.1%
perfect
54.1%
daughter.
53.9%
heart.
53.1%
were
52.8%
would
52.7%
bride
51.9%
someone
51.8%
pass
50.6%
meant
49%
part?
48.8%
I've
48.2%
play
48%
myself
46.9%
break
46.2%
family's
45.2%
though
44.9%
truly
44%
tried.
42.2%
hide
41.2%
cannot
40.8%
Somehow
39.2%
Quiz Playlist
Details
Report
Send in Message
Add To Playlist
Classic:
Type in answers that appear in a list
Quiz Source
Last Updated: Feb 16, 2017
Quiz Scoreboard
CHALLENGE
Sign Up to Join the Scoreboard
Show All
Scores
Hide
Comments
May contain spoilers
Recently Published
An Introduction to Baseball
by treessimontrees
Sports
5m
Movies - When Are They Set?
by FPL_Elf
Movies
5m
Popular People in 1961
by mucciniale
History
6m
More to Explore
Quiz From the Vault
Featured Blog Post
Where Did the Easter Bunny Come From?
hide this ad
You Might Also Like...
Tags
Disney Quiz
Lyrics Quiz
Today's Top Quizzes in Music
Browse Music
hide this ad
Today's Top Quizzes in Disney
Browse Disney
Top Contributed Quizzes in Music
1
Taylor Swift All Songs (2024)
2
Guess the Artist- 70s Songs
3
KPOP LOGIC QUIZ
4
One Thing in Common: Music
5
2010s Album by Cover III
6
Guess the Taylor Swift song (Mystery Song)
7
Taylor Swift Logic Puzzle
8
2010s Album by Cover IV
9
2010s Album by Cover V
10
Kpop Logic Quiz
Explore More
Trending Topics
Disney
Anime
Kpop
Crossword
Harry Potter
NBA
Marvel
NFL
The Office
Song
Pokémon
Country
WWE
Puzzle
Soccer
hide this ad
More By:
LAX_Girl
Quiz
Plays
Rating
Category
Featured
Created
Guess The Lyrics-Disney
1,662
3.60
Music
Dec 15, 2010
Smirnoff Vodka Flavors
466
5.00
Just For Fun
Oct 26, 2010
Best Selling Songs of 2009
88
Music
Apr 30, 2010
Go to Creator's Profile
Score Distribution
Quiz Creator Spotlight
LAX_Girl
Follow
Send a Message
Quizzes Created
-
Created Quiz Play Count
-
More By This Creator
Popular Quizzes Today
1
Find the Countries of Europe - No Outlines Minefield
2
Find the US States - No Outlines Minefield
3
The Countries of the World
4
Popular People in 1961
5
Find the US States
6
US States
7
1-10 Letter E Words III
8
Risky Map Clicking: Biggest States A-Z
More Music Quizzes
Finish The Line: EXO Lyrics
Quiz Lab
Trending Quizzes
Risky Map Clicking: Least Populous States A-Z
1-10 Letter F Words
1-10 Letter G Words
Not Quite an Element Typing Challenge
One Thing in Common: United Kingdom
Recently Updated
Leaping Animals
pecheneg
Reality TV Shows (A-Z)
bhenderson79
Rickey Henderson's Hall of Fame Teammates
pecheneg
Champions League XIs: Arsenal
pecheneg
Quick Pick: Celebrities in WWE's Hall of Fame
aduchscher
A-Z Keypad Blitz II
pecheneg
Multiple Oscar Actors
pecheneg
Mystery Phrase Blitz: Oscar 'Best Actors'
pecheneg
F. Scott Fitzgerald Novels
LTH
Pick 3 Villains
ddd62291
Trending Topics
NBA
Marvel
Crossword
Anime
Disney
Harry Potter
Kpop
Puzzle
Country
Pokémon
NFL
Soccer
The Office
WWE
Song
Your Account Isn't Verified!
In order to create a playlist on Sporcle, you need to verify the email address you used during registration. Go to your
Sporcle Settings
to finish the process.
Report this User
Report this user for behavior that violates our
Community Guidelines
.
Details:
Send Report
Go to the Sporcle.com Mobile Site →
Comments